Virtuálna platobná mena v prostredí e-commerce diplomová práca

Saved in:
Bibliographic Details
Main Author: Koshtura, Anastasiia
Corporate Author: Obchodná fakulta EU. Katedra marketingu
Other Authors: Daneshjo, Naqibullah, 1964-
Format: Book
Language:Slovak
Published: Bratislava 2022
Tags: Add Tag
No Tags, Be the first to tag this record!

MARC

LEADER 00000nbm a2200000 4500
001 0284333
005 20221130083351.9
041 0 |a slo 
044 |a SK 
245 1 0 |a Virtuálna platobná mena v prostredí e-commerce  |b diplomová práca  |c Anastasiia Koshtura ; školiteľ: Naqibullah Daneshjo 
264 1 |a Bratislava  |c 2022 
300 |a 63 s. 
100 1 |a Koshtura, Anastasiia 
700 1 |a Daneshjo, Naqibullah, 1964- 
710 2 |a Obchodná fakulta EU. Katedra marketingu